000 00874cam a22002891 4500
001 000010765
003 DO-SdBNP
005 20250626113528.0
008 721227s1958 njua 000 0 eng
010 _a58006892
015 _aGB58-17034
035 _a(OCoLC)525568
040 _aDO-SdBNP
_bspa
_cBNPHU
042 _apremarc
049 _aBNGR
082 _a512
_bF553i
100 1 _aFisher, Robert Charles,
_d1926-
_925979
245 1 0 _aIntegrated álgebra and trigonometry /
_c[by] Robert C. Fisher [and] Allen D. Ziebur.
260 _aEnglewood Cliffs, N.J., :
_bPrentice-Hall,
_c1958.
300 _a427 p. :
_billus. ;
_c24 cm.
440 0 _aPrentice-Hall mathematics series
_925980
650 0 _aÁlgebra
_925976
_xEnseñanza
650 4 _aTrigonometría
_925981
700 1 _aZiebur, Allen D.,
_ejoint author.
_925982
910 _aDC
942 _2ddc
_cLBS1
999 _c10519
_d10519